00434cam a22001217a 4500008004000000082001700040100001900057245008800076260003000164300001100194999001900205952008800224180718b1989 xxu||||| |||| 00| 0 eng d aP4x5421 N226 aNautiyal, K.C. aEducation and rural poor: a study in economics of rural educationcby K.C. Nautiyal aDelhibCommonwealthc1989 a238+p. c427959d427959 00104070aIIPAbIIPAd2009-12-02oP4x5421 N226p64436r2018-07-21w2018-07-21yBK